|
|
|
|
| LEADER |
01246nam a2200241 a 4500 |
| 001 |
GR-MES10734 |
| 008 |
060920s gr 000 0 gre d |
| 020 |
|
|
|a 9602096071
|
| 040 |
|
|
|a GrPaTEI
|b gre
|c GR-PaULI
|
| 040 |
|
|
|a GrPaTEI
|b gre
|c GR-PaULI
|
| 100 |
1 |
|
|a Γουλτίδης, Χρήστος
|
| 245 |
1 |
0 |
|a Βασικές έννοιες της πληροφορικής /
|c Χρήστος Γουλτίδης.
|
| 250 |
|
|
|a 2η εκδ.
|
| 260 |
|
|
|a Αθήνα :
|b Κλειδάριθμος,
|c c2002
|
| 300 |
|
|
|a vii , 200σελ. :
|b εικ. ;
|c 24εκ. +
|e 1 CD-ROM
|
| 490 |
0 |
|
|a Οδηγός επιτυχίας για το δίπλωμα ECDL 3.0. European computer driving licence. ενότητα 1
|
| 500 |
|
|
|a '' πιστοποιημένη εκπαιδευτική ύλη''
|
| 650 |
|
0 |
|a EUROPEAN COMPUTER DRIVING LICENCE
|
| 650 |
|
4 |
|a Ηλεκτρονικής επεξεργασίας δεδομένων ,προσωπικό
|x Πιστοποίηση
|z Ευρώπη
|
| 942 |
|
|
|2 ddc
|
| 952 |
|
|
|0 0
|1 0
|2 ddc
|4 0
|6 004_000000000000000_ΓΟΥ
|7 0
|9 270044
|a MSLG
|b MSLG
|c BSC
|d 2021-01-17
|e 24
|f 0
|g 0.00
|l 0
|o 004 ΓΟΥ
|p 2420000019986
|r 2021-01-17 00:00:00
|t 1
|w 2021-01-17
|y BK15
|x 20060920 0 1
|x GrPaTEI
|
| 971 |
|
|
|a .b25767811
|b 15-04-20
|c 13-09-16
|
| 999 |
|
|
|c 155926
|d 155926
|